Statistiques concernant Focus sur: Hugo Granger-Weasley - Harry Potter

Cliquez ici pour prendre le quiz!

Statistiques générales

  • Ce quiz a été pris 137 fois
  • Le résultat moyen est 8 sur 9

Statistiques - réponses

Informations recherchéesRéponses% Correct
Maison fréquentéeGryffondor
100%
Ecole fréquentéePoudlard
100%
MèreHermione Granger
99%
PèreRon Weasley
99%
Statut du sangSang-Mêlé
99%
Première apparitionHarry Potter et les Reliques de la Mort
97%
Couleur des cheveuxBrun
96%
SœurRose Granger-Weasley
94%
Acteur l'interprétant dans les filmsRyan Turner
25%

Distribution des résultats

Percentile par nombre de réponses

% des personnes avec chaque résultat

Votre développement - résultats

Vous n’avez pas pris ce quiz